| 000 | 00606nam a2200205 a 4500 | ||
|---|---|---|---|
| 001 | 1712 | ||
| 003 | CO-ViMGA | ||
| 008 | 141112s2004 ck r 000 u spa d | ||
| 020 | _a9589176941 | ||
| 040 |
_aCO-ViMGA _bspa _cCO-ViMGA |
||
| 082 | 0 | 4 | _a333.8232 P657u |
| 100 | 1 | _aPontificia Universidad Javeriana | |
| 245 | 1 | 0 |
_aPetróleo : _bpolítica de contratación y competitividad |
| 260 |
_aSantafé de Bogotá : _bFundación Cultural Javeriano, _c1995 |
||
| 300 | _a167 p | ||
| 490 | _aEducación continuada, 2 | ||
| 590 | _aEjemplares : 2 | ||
| 650 | 1 | 4 |
_aPETROLEO - COLOMBIA _950207 |
| 942 |
_2ddc _cBK |
||
| 999 |
_c13889 _d13889 |
||